Estadísticas para Capitales del mundo más cercanas a Bratislava

Haz click aquí para intentar la prueba.

Estadísticas generales

  • Esta prueba ha sido intentada 33 veces
  • La puntuación promedio es 17 de 20

Estadísticas de respuestas

kmcapital% Correcto
806Bucarest
100%
162Budapest
97%
273Zagreb
97%
453Belgrado
94%
553Berlín
94%
305Liubliana
94%
534Varsovia
94%
56Viena
94%
288Praga
90%
784Roma
90%
488Sarajevo
90%
737Berna
87%
658Podgorica
81%
789Tirana
81%
777Sofía
77%
591San Marino
74%
764Skopie
74%
688Pristina
71%
785Ciudad del
Vaticano
68%
580Vaduz
68%

Distribución de puntuación

Porcentaje por número respondido

Porcentaje de gente con cada puntuación

Historial de tus puntuaciones

No has intentado esta prueba.